The 21 indispensible qualities of a leader: (Record no. 362503)
[ view plain ]
| 000 -LEADER | |
|---|---|
| fixed length control field | 00499nam a2200133Ia 4500 |
| 008 - FIXED-LENGTH DATA ELEMENTS--GENERAL INFORMATION | |
| fixed length control field | 191108s9999 xx 000 0 und d |
| 020 ## - INTERNATIONAL STANDARD BOOK NUMBER | |
| International Standard Book Number | 978-0-785-26796-6 |
| 100 ## - MAIN ENTRY--PERSONAL NAME | |
| Personal name | Maxwell, John C. |
| 245 ## - TITLE STATEMENT | |
| Statement of responsibility, etc | John Maxwell.-- |
| Title | The 21 indispensible qualities of a leader: |
| Remainder of title | Becoming the person others will want to follow / |
| 260 ## - PUBLICATION, DISTRIBUTION, ETC. (IMPRINT) | |
| Place of publication, distribution, etc | Nasville, Tennessee : |
| Name of publisher, distributor, etc | Maxwell Motivation, Inc. |
| Date of publication, distribution, etc | 1999 |
| 300 ## - PHYSICAL DESCRIPTION | |
| Extent | 156 pages : |
| 650 ## - SUBJECT ADDED ENTRY--TOPICAL TERM | |
| Topical term or geographic name as entry element | Leadership. Leadership -- Aspect psychologique. |
| 650 ## - SUBJECT ADDED ENTRY--TOPICAL TERM | |
| Topical term or geographic name as entry element | Leadership |
| Withdrawn status | Lost status | Source of classification or shelving scheme | Damaged status | Home library | Current library | Shelving location | Date acquired | Source of acquisition | Total Checkouts | Full call number | Barcode | Date last seen | Price effective from | Koha item type |
|---|---|---|---|---|---|---|---|---|---|---|---|---|---|---|
| Library of Congress Classification | Southville International School Affiliated with Foreign Universities Library | Southville International School affiliated with Foreign Universities-Student Center | 11/08/2019 | Donation | BF 637.L4 .M465 1999 | SFU0273 | 11/08/2019 | 11/08/2019 | Books |